<?xml version="1.0" encoding="UTF-8"?>
<record
    xmlns:xsi="http://www.w3.org/2001/XMLSchema-instance"
    xsi:schemaLocation="http://www.loc.gov/MARC21/slim http://www.loc.gov/standards/marcxml/schema/MARC21slim.xsd"
    xmlns="http://www.loc.gov/MARC21/slim">

  <leader>     cam a22     7a 4500</leader>
  <datafield tag="999" ind1=" " ind2=" ">
    <subfield code="c">7170</subfield>
    <subfield code="d">7170</subfield>
  </datafield>
  <controlfield tag="003">OSt</controlfield>
  <controlfield tag="005">20181030173931.0</controlfield>
  <controlfield tag="008">181030s2018    sp a     b    000 0 spa d</controlfield>
  <datafield tag="020" ind1=" " ind2=" ">
    <subfield code="a">9788437638409</subfield>
  </datafield>
  <datafield tag="040" ind1=" " ind2=" ">
    <subfield code="a">SP-BaPL</subfield>
    <subfield code="b">cat</subfield>
    <subfield code="c">CDMR</subfield>
  </datafield>
  <datafield tag="245" ind1="0" ind2="4">
    <subfield code="a">Una televisi&#xF3;n con dos cadenas </subfield>
    <subfield code="b">: la programaci&#xF3;n en Espa&#xF1;a (1956-1990) /</subfield>
    <subfield code="c">Julio Montero D&#xED;az (dir.).</subfield>
  </datafield>
  <datafield tag="260" ind1=" " ind2=" ">
    <subfield code="a">Madrid :</subfield>
    <subfield code="b">C&#xE1;tedra,</subfield>
    <subfield code="c">2018</subfield>
  </datafield>
  <datafield tag="300" ind1=" " ind2=" ">
    <subfield code="a">874 p. :</subfield>
    <subfield code="b">il ;</subfield>
    <subfield code="c">24 cm.</subfield>
  </datafield>
  <datafield tag="504" ind1=" " ind2=" ">
    <subfield code="a">inclou refer&#xE8;ncies bibliogr&#xE0;fiques (p&#xE0;gines 849-874)</subfield>
  </datafield>
  <datafield tag="610" ind1="2" ind2="4">
    <subfield code="a">Televisi&#xF3;n Espa&#xF1;ola</subfield>
    <subfield code="x">Hist&#xF2;ria</subfield>
    <subfield code="9">2814</subfield>
  </datafield>
  <datafield tag="650" ind1="0" ind2="4">
    <subfield code="a">Televisi&#xF3;</subfield>
    <subfield code="z">Espanya</subfield>
    <subfield code="x">Programes</subfield>
    <subfield code="y">Segle XX</subfield>
    <subfield code="9">3122</subfield>
  </datafield>
  <datafield tag="700" ind1="1" ind2=" ">
    <subfield code="a">Montero D&#xED;az, Julio,</subfield>
    <subfield code="e">editor.</subfield>
  </datafield>
  <datafield tag="942" ind1=" " ind2=" ">
    <subfield code="c">MON</subfield>
  </datafield>
  <datafield tag="952" ind1=" " ind2=" ">
    <subfield code="0">0</subfield>
    <subfield code="1">0</subfield>
    <subfield code="4">0</subfield>
    <subfield code="7">0</subfield>
    <subfield code="a">CDMR</subfield>
    <subfield code="b">CDMR</subfield>
    <subfield code="d">2018-10-30</subfield>
    <subfield code="e">Intercanvi</subfield>
    <subfield code="g">32.00</subfield>
    <subfield code="l">0</subfield>
    <subfield code="o">Fy 4/13</subfield>
    <subfield code="p">CDMR18100013</subfield>
    <subfield code="r">2018-10-30</subfield>
    <subfield code="v">32.00</subfield>
    <subfield code="w">2018-10-30</subfield>
    <subfield code="y">MON</subfield>
  </datafield>
</record>
